Uncharted Game Titles - Statistics

General Stats
  • This quiz has been taken 192 times
  • The average score is 4 of 5
Answer Stats
Answer % Correct
Drake's Fortune
93%
Drake's Deception
83%
A Thief's End
82%
Among Thieves
78%
The Lost Legacy
60%
No matching quizzes found
Score Distribution
Percent of People with Each Score
Percentile by Number Answered
Your Score History
You have not taken this quiz